000 00555nam a2200193Ia 4500
005 20250326123517.0
008 250326s9999 xx 000 0 und d
037 _aTextbook
040 _aFMSL
_beng
_cFMSL
041 _aeng
_2eng
084 _aX:89A P7
_qFMSL
100 _aChopra S
_9102516
245 0 _aSupply chain management : strategy , planning and operation
_cChopra S; Meindl P
250 _a3
260 _aNew Delhi
_bNew Delhi, Prenctice Hall
_c2007
300 _a552p
942 _cTB
_hX:89A P7
999 _c1269691
_d1269691